000 00601nam a2200193 i 4500
001 19563
003 ES-MaACL
005 20250823100551.0
007 t|
008 021003s1958 sp ||||1| spa d
100 1 _aAbbiati, Franco,
_918004
245 1 0 _aHistoria de la música /
_cFranco Abbiati ; traducción castellana y epílogo de Rosendo Llates.
260 _aBarcelona :
_bVergara,
_c[1958] (
_fTip. Catalana)
300 _a333 p. ;
_c22 cm.
650 4 _aMúsica-
_vHistoria
_915391
700 1 _aLlates, Rosendo.
_972726
852 _aES-MaACL
_jC-14698
999 _c19563
_d19563